Statistics for Miss USA Titleholders

Click here to take the quiz!

General Stats

  • This quiz has been taken 81 times
    (15 since last reset)
  • The average score is 29 of 79

Answer Stats

YearStateAnswer% Correct
2012 (won Miss Universe)Rhode IslandOlivia Culpo
92%
2015OklahomaOlivia Jordan
83%
1997 (won Miss Universe)HawaiiBrook Lee
75%
2021KentuckyElle Smith
75%
2007TennesseeRachel Smith
75%
2020MississippiAsya Branch
67%
1995 (won Miss Universe)TexasChelsi Smith
67%
2019North CarolinaCheslie Kryst
67%
2016District of ColumbiaDeshauna Barber
67%
2022 (won Miss Universe)TexasR'Bonney Gabriel
67%
2018NebraskaSarah Rose Summers
67%
2011CaliforniaAlyssa Campanella
58%
2013ConnecticutErin Brady
58%
2014NevadaNia Sanchez
58%
2010MichiganRima Fakih
58%
2006KentuckyTara Conner
58%
2008TexasCrystle Stewart
50%
2009North CarolinaKristen Dalton
50%
2012 (succeeded)MarylandNana Meriwether
50%
2023UtahNoelia Voigt
50%
1964District of ColumbiaBobbi Johnson
42%
1955VermontCarlene King Johnson
42%
1986TexasChristy Fitchner
42%
2017District of ColumbiaKara McCullough
42%
2022 (succeeded)North CarolinaMorgan Romano
42%
2004MissouriShandi Finnessey
42%
1995 (succeeded)New YorkShanna Moakler
42%
2003MassachusettsSusie Castillo
42%
1973IllinoisAmanda Jones
33%
1997 (succeeded)IdahoBrandi Sherwood
33%
1990MichiganCarole Gist
33%
2005North CarolinaChelsea Cooley
33%
1989TexasGretchen Polhemus
33%
1993MichiganKenya Moore
33%
1985TexasLaura Martinez-Harring
33%
1994South CarolinaLu Parker
33%
1954South CarolinaMiriam Stevenson
33%
2002District of ColumbiaShauntay Hinton
33%
1998MassachusettsShawnae Jebbia
33%
1980 (won Miss Universe)South CarolinaShawn Weatherly
33%
1967 (won Miss Universe)AlabamaSylvia Hitchcock
33%
1996LouisianaAli Landry
25%
1976MinnesotaBarbara Peterson
25%
1956IowaCarol Morris
25%
1988TexasCourtney Gibbs
25%
1970VirginiaDeborah Shelton
25%
1952New YorkJackie Loughery
25%
1978HawaiiJudi Andersen
25%
1983CaliforniaJulie Hayek
25%
2001TexasKandace Krueger
25%
1991KansasKelli McCarty
25%
1999New YorkKimberly Pressler
25%
1977TexasKimberly Tomes
25%
1981OhioKim Seelbrede
25%
1960UtahLinda Bement
25%
2000TennesseeLynnette Cole
25%
1962HawaiiMacel Wilson
25%
1984New MexicoMai Shanley
25%
1966CaliforniaMaria Remenyi
25%
1957 (dethroned)MarylandMary Leona Gage
25%
1971PennsylvaniaMichele McDonald
25%
1987TexasMichelle Royer
25%
1953IllinoisMyrna Hansen
25%
1992CaliforniaShannon Marketic
25%
1961LouisianaSharon Brown
25%
1965OhioSue Ann Downey
25%
1975CaliforniaSummer Bartholomew
25%
1972HawaiiTanya Wilson
25%
1982ArkansasTerri Utley
25%
1957 (succeeded)UtahCharlotte Sheffield
17%
1967 (succeeded)FloridaCheryl Patton
17%
1968WashingtonDorothy Anstett
17%
1958LouisianaEurlyne Howell
17%
1980 (succeeded)ArizonaJineane Ford
17%
1974IllinoisKaren Morrison
17%
1963IllinoisMarite Ozers
17%
1979New YorkMary Therese Friel
17%
1959CaliforniaTerry Lynn Huntington
17%
1969VirginiaWendy Dascomb
17%

Score Distribution

Percentile by Number Answered

Percent of People with Each Score

Your Score History

You have not taken this quiz since the last reset